000 005760000a22001810004500
003 MACL
005 20160120153847.0
008 160120b xxu||||| |||| 00| 0 eng d
040 _aMACL
_cMACL
041 _aHindi
082 _a342.035
100 _aप्रतियोगिता साहित्‍य सीरीज
_933703
245 _aभारत का संविधान
260 _bसाहित्‍य भवन पब्लिकेशन्‍स
_c2002
_aआगरा
350 _a30
650 _aलॉ
_933609
942 _cHIN
_k342.095
_2ddc
999 _c30858
_d30858